000 00795cam a22002173a 4500
001 39659
003 PGUSA
005 20140828083900.0
008 120509s2012||||xxu|||||s|||||000 | eng d
040 _aPGUSA
_beng
042 _adc
100 1 _aTurner, Lucien
245 1 0 _aEthnology of the Ungava District, Hudson Bay Territory :
_bEleventh Annual Report of the Bureau of Ethnology to the Secretary of the Smithsonian Institution, 1889-1890, Government Printing Office, Washington, 1894, pages 159-350
_h[electronic resource] /
_cLucien Turner
260 _bProject Gutenberg,
_c2012
506 _aPublic domain in the USA.
516 _aElectronic text
700 1 _aMurdoch, John
830 0 _aProject Gutenberg
_v39659
856 4 0 _uhttp://www.gutenberg.org/ebooks/39659
942 _cEB
999 _c268912
_d268912